000 01082cam a22001934a 4500
005 20250605164358.0
008 250528s ||||||||||||||||||||||||d
035 _a24446
040 _aGR-AtMCL
_bgre
_dGR-AtMCL
_eAACR2
245 1 _aSocialab: Σε Νέα Φάση με Θέα 360ο
260 _c2016
300 _a42
520 _aTempo OMD Hellas: Ζούμε την πιο Δύσκολη αλλά και την πιο Συναρπαστική Περίοδο, VICE: Τα Ελληνικά Μέσα πρέπει να Γίνουν Περισσότερο Εξωστρεφή, Proximity Marketing: Γεφυρώνοντας το Τελευταίο Χάσμα, Digital Payments: Συναλλαγές στην Εποχή της Αμεσότητας, Consumer Interaction Center: Η Καρδιά των Social Media της Coca Cola 'Χτυπά' στην Αθήνα, Εφημερίδες: Υπάρχει Μέλλον Τελικά.
700 1 _aΚορδελάς Δημήτρης
_99464
942 _cCR
710 2 _aThe Marketing Week
_99825
999 _c9327
_d9327